It looks like you're offline.
Open Library logo
additional options menu

MARC record from Internet Archive

LEADER: 00826cam 2200253Mi 4500
001 ocm74640410
003 OCoLC
005 20100622173405.0
008 830902s1983 gw u000 u ger d
040 $aGWDNB$erakwb$bger$cGWDNB
016 7 $a831044470$2DE-101
020 $a3453002830
020 $a9783453002838
035 $a(OCoLC)74640410
100 1 $aKonsalik, Heinz G.
245 10 $aAgenten lieben gefährlich :$bRoman /$cHeinz G. Konsalik.
250 $aGenehmigte, bearb. Taschenbuchausg., 20. Aufl.
260 $aMünchen :$bHeyne,$c1983.
300 $a205 S. ;$c18 cm.
440 0 $aHeyne-Bücher / 01 ;$vNr. 962
490 1 $aHeyne-Bücher : 01, [Allg. Reihe];$vNr. 962
500 $aLizenz d. Verlagsgruppe Bertelsmann, München, Gütersloh, Wien
994 $aZ0$bPMR
948 $hNO HOLDINGS IN PMR - 1 OTHER HOLDINGS